000 00715nam a2200217Ia 4500
003 GCL
008 140319s9999 xx 000 0 ara d
020 _a4304004977
040 _aGCL /
_cGCL
082 0 4 _a657
_bأ م
100 1 _aاحمد صلاح عطية
245 1 0 _aمشاكل المحاسبة والافصاح في صناديق الاستثمار /
_cاحمد صلاح عطية
260 _aالقاهرة :
_bالدار الجامعية ،
_c2003
300 _a242 ص ؛
_c24 سم
490 _aمحاسبة المنشآت المالية
_v0
650 0 4 _aالاستثمار
650 0 4 _aالادارة
650 0 4 _aالمحاسبة
650 0 4 _aالمالية العامة
942 _2ddc
_cBK
999 _c5948
_d5948